书目信息 |
| 题名: |
计算机与通信专业英语
|
|
| 作者: | 徐秀兰 主编 | |
| 分册: | ||
| 出版信息: | 北京 北京邮电大学出版社 2000 |
|
| 页数: | 354页 | |
| 开本: | 26cm | |
| 丛书名: | ||
| 单 册: | ||
| 中图分类: | H31 | |
| 科图分类: | ||
| 主题词: | 计算机--英语 , 通信--英语 | |
| 电子资源: | ||
| ISBN: | 7-5635-0335-8 | |
| 000 | 00949nam0 2200277 4500 | |
| 001 | 192004004078 | |
| 005 | 20070911101311.57 | |
| 010 | @a7-5635-0335-8@dCNY27.50 | |
| 100 | @a20070602d2000 ekmy0chiy0121 ea | |
| 101 | 0 | @achi@aeng |
| 102 | @aCN@b110000 | |
| 105 | @aak a 000yy | |
| 200 | 1 | @a计算机与通信专业英语@Aji suan ji yu tong xin zhuan ye ying yu@d= English for Coputers & Telecommunications@f主编徐秀兰@zeng |
| 205 | @a第2版@b修订版 | |
| 210 | @a北京@c北京邮电大学出版社@d2000 | |
| 215 | @a354页@c图@d26cm | |
| 300 | @a并列题名:English for Coputers & Telecommunications | |
| 320 | @a有书目 (第329-330页) | |
| 330 | @a本书主要取材于20世纪90年代以后国外发表的共40余种最新材料。内容广泛,语言现象丰富。 | |
| 510 | 1 | @aEnglish for Coputers & Telecommunications@zeng |
| 606 | 0 | @a计算机@x英语 |
| 606 | 0 | @a通信@x英语 |
| 690 | @aH31@v4 | |
| 701 | 0 | @a徐秀兰@Axu xiu lan@4主编 |
| 801 | 0 | @aCN@c20070911 |
| 905 | @dH31@eX823=2 | |
| 计算机与通信专业英语= English for Coputers & Telecommunications/主编徐秀兰.-第2版,修订版.-北京:北京邮电大学出版社,2000 |
| 354页:图;26cm |
| 并列题名:English for Coputers & Telecommunications |
| ISBN 7-5635-0335-8:CNY27.50 |
| 本书主要取材于20世纪90年代以后国外发表的共40余种最新材料。内容广泛,语言现象丰富。 |
| ● |
| 相关链接 |
|
|
|
正题名:计算机与通信专业英语
索取号:H31/X823=2
 
预约/预借
| 序号 | 登录号 | 条形码 | 馆藏地/架位号 | 状态 | 备注 |
| 1 | 625941 | 206259412 | 语言库209/209语言库 88排4列2层/ [索取号:H31/X823=2] | 在馆 | |
| 2 | 625942 | 206259421 | 语言库209/209语言库 88排4列2层/ [索取号:H31/X823=2] | 在馆 |